Az OTP vezérigazgatójának kétnapos látogatása Szegeden

Elmentve itt :
Bibliográfiai részletek
Dokumentumtípus: Cikk
Megjelent: 1972-01-14
Sorozat:Délmagyarország 62 No. 11
Kulcsszavak:Szirmai Jenő, bankok, takarékpénztárak, takarékosság
Online Access:http://dmarchiv.bibl.u-szeged.hu/100417
LEADER 00474nab a2200145 i 4500
001 delm100417
005 20190322093244.0
008 190322s1972 hu o 0|| hun d
040 |a SZTE Délmagyarország Archívum  |b hun 
041 |a hun 
245 0 3 |a Az OTP vezérigazgatójának kétnapos látogatása Szegeden  |h [elektronikus dokumentum] 
260 |c 1972-01-14 
300 |a 3 
490 0 |a Délmagyarország  |v 62 No. 11 
695 |a Szirmai Jenő, bankok, takarékpénztárak, takarékosság